Comment on "identification of student misconceptions in genetics problem solving via computer program" (Record no. 64333)

MARC details
000 -CABECERA
campo de control de longitud fija 00693nam a2200229 a 4500
005 - FECHA Y HORA DE LA ÚLTIMA TRANSACCIÓN
campo de control 20210219152937.0
008 - ELEMENTOS DE LONGITUD FIJA--INFORMACIÓN GENERAL
campo de control de longitud fija 991125n 000 0 u
035 ## - NÚMERO DE CONTROL DEL SISTEMA
Número de control de sistema UPN01000068088
100 ## - ASIENTO PRINCIPAL--NOMBRE PERSONAL
Nombre de persona Smith, Mike U.
222 #0 - TÍTULO CLAVE
Título clave JOURNAL OF RESEARCH IN SCIENCE TEACHING
245 #0 - MENCIÓN DE TÍTULO
Título Comment on "identification of student misconceptions in genetics problem solving via computer program"
300 ## - DESCRIPCIÓN FÍSICA
Extensión 383-384
362 ## - FECHAS DE PUBLICACIÓN Y/O DESIGNACIÓN SECUENCIAL
Fecha de publicación y/o designación secuencial 28, No. 4, 1991
505 ## - NOTA DE CONTENIDO CON FORMATO PREESTABLECIDO
Nota de contenido con formato Octubre 1993
653 0# - TERMINO DE INDIZACION - NO CONTROLADO
Término no controlado CONCEPTOS CIENTIFICOS
653 0# - TERMINO DE INDIZACION - NO CONTROLADO
Término no controlado CONCEPTOS ERRONEOS
653 0# - TERMINO DE INDIZACION - NO CONTROLADO
Término no controlado DISEÑO ASISTIDO POR ORDENADOR
653 0# - TERMINO DE INDIZACION - NO CONTROLADO
Término no controlado EDUCACION CIENTIFICA
653 0# - TERMINO DE INDIZACION - NO CONTROLADO
Término no controlado GENETICA
904 ## - ELEMENTOS DE DATOS D LOCAL, LDD (RLIN)
a AC
b 005899
905 ## - TIPO DE MATERIAL
Tipo de material Articulo

No items available.